Calendario atlante De Agostini (Record no. 133712)

MARC details
000 -LEADER
campo de control de longitud fija 00596nam a2200193 i 4500
001 - NÚMERO DE CONTROL
campo de control 133712
003 - IDENTIFICADOR DE NÚMERO DE CONTROL
campo de control ES-MaACL
005 - FECHA Y HORA DE LA ÚLTIMA TRANSACCIÓN
campo de control 20230906194517.0
007 - CAMPO FIJO DE DESCRIPCIÓN FÍSICA--INFORMACIÓN GENERAL
campo de control de longitud fija t|
008 - DATOS DE LONGITUD FIJA--INFORMACIÓN GENERAL
campo de control de longitud fija 070827s1949 it ||||1| ita d
245 00 - MENCIÓN DEL TÍTULO
Título Calendario atlante De Agostini
Resto del título : 1950 /
Mención de responsabilidad, etc. redazione L. Visintin.
260 ## - PUBLICACIÓN, DISTRIBUCIÓN, ETC.
Lugar de publicación, distribución, etc. Novara :
Nombre del editor, distribuidor, etc. Istituto geografico De Agostini,
Fecha de publicación, distribución, etc. [1949]
300 ## - DESCRIPCIÓN FÍSICA
Extensión 513 p. :
Otras características físicas il. ;
Dimensiones 16 cm.
500 ## - NOTA GENERAL
Nota general En la cubierta: año 46.
700 1# - ENTRADA AGREGADA--NOMBRE PERSONAL
Nombre de persona Visintin, Luigi.
9 (RLIN) 199124
710 2# - ENTRADA AGREGADA--NOMBRE DE ENTIDAD CORPORATIVA
Nombre de entidad corporativa o nombre de jurisdicción como elemento de entrada Istituto geografico De Agostini.
9 (RLIN) 173295
852 ## - LOCALIZACIÓN
Ubicación ES-MaACL
Número de control de estantería E-3866
Sublocalización o colección R.30323
Holdings
Estatus retirado Estado de pérdida Estado de daño No para préstamo Biblioteca de origen Biblioteca actual Ubicación en estantería Fecha de adquisición Fuente de adquisición Total de préstamos Signatura topográfica completa Código de barras Visto por última vez Precio de reemplazo Tipo de ítem Koha
        Biblioteca del Ateneo de Madrid Biblioteca del Ateneo de Madrid Depósito 2 17/01/2008     E-3866 1139193 23/02/2023 23/02/2023 Libro impreso